000 00786nam a22003010a 4500
001 PT60922
003 AR-LpoUNG
005 20210201010521.0
008 201001s2015||||ag |||||||||||||||||spa d
020 _a9789877460094
_c$3
040 _aAR-LpoUNG
_bspa
_eaacr
041 _aspa
044 _aag
082 0 _a808.068 3 462pas
100 1 _aRossia, Fernando
_eil.
245 1 4 _aLos pasteles y la muela
250 _a1ra. ed.
260 _aBuenos Aires :
_bMawis,
_c2015.
300 _a[24] p. :
_bil.
_3Impreso
490 0 _aLos cuentos del pajarito
505 0 _aSugerido a partir de 6 aƱos (etiqueta AMARILLA)
650 4 _aCUENTOS
650 4 _aLITERATURA
653 _aLITERATURA INFANTIL
710 2 _aMawis (Buenos Aires)
905 _a60922
942 _cLIB
999 _c51642
_d51642